Erwin Raupp : Moravská Hellas 1904 = Mährisches Hellas 1904 = Moravian Hellas 1904 /

Salvato in:
Dettagli Bibliografici
Autori principali: Beránková, Helena (Autore), Dufek, Antonín (Autore), Krase, Andreas (Autore), Sysel, František (Autore)
Natura: Libro
Lingua:ceco
tedesco
inglese
Pubblicazione: Lomnice nad Popelkou : Studio JB : Moravské zemské muzeum v Brně, 2010
Edizione:1. vydanie
Soggetti:
Tags: Aggiungi Tag
Nessun Tag, puoi essere il primo ad aggiungerne!!

MARC

LEADER 00000nam a22000003a 4500
001 0071801
003 SK-STU
005 20190429161604.8
007 ta
008 190218s ----xo-----e------000-0-----d
020 |a 978-80-86512-47-1 
040 |a STU  |b slo 
041 0 |a cze  |a ger  |a eng 
044 |a xr 
100 1 |a Beránková, Helena  |4 aut 
245 1 0 |a Erwin Raupp :  |b Moravská Hellas 1904 = Mährisches Hellas 1904 = Moravian Hellas 1904 /  |c aut. Helena Beránková, Antonín Dufek, Andreas Krase, František Sysel 
250 |a 1. vydanie 
260 |a Lomnice nad Popelkou :  |b Studio JB :  |b Moravské zemské muzeum v Brně,  |c 2010 
300 |a 240 s. 
650 0 7 |a umelecká fotografia 
650 0 7 |a Morava 
650 0 7 |a ľudia 
650 0 7 |a Česko 
700 1 |a Dufek, Antonín  |4 aut 
700 1 |a Krase, Andreas  |4 aut 
700 1 |a Sysel, František  |4 aut 
996 |b 284AU07856  |c A* 11115/U  |l AAKNAR  |s A  |a 24  |w 0071801_0001